LIBRARY & INFORMATION CENTRE, KCAET, TAVANUR

ONLINE PUBLIC ACCESS CATALOGUE (OPAC)

Design of Machine elements, Vol.II (Record no. 13619)

MARC details
000 -LEADER
fixed length control field 00333nam a22001337a 4500
020 ## - INTERNATIONAL STANDARD BOOK NUMBER
ISBN 9789380026633
082 ## - DEWEY DECIMAL CLASSIFICATION NUMBER
Classification number 621.815
Item number RAO/DE
100 ## - MAIN ENTRY--AUTHOR NAME
Personal name Krishna Rao, T
245 ## - TITLE STATEMENT
Title Design of Machine elements, Vol.II
250 ## - EDITION STATEMENT
Edition statement 1
260 ## - PUBLICATION, DISTRIBUTION, ETC. (IMPRINT)
Place of publication New Delhi
Name of publisher I.K International Publishing house Pvt. Ltd
Year of publication 2011
300 ## - PHYSICAL DESCRIPTION
Number of Pages 648
942 ## - ADDED ENTRY ELEMENTS (KOHA)
Koha item type Books
Holdings
Withdrawn status Lost status Damaged status Collection code Home library Current library Shelving location Date acquired Full call number Accession Number Koha item type
      Non-fiction KAUAET KAUAET General Stacks 31/03/2012 621.815 RAO/DE 22299 Books
free website counter